UBT Library

Practical management for productivity / (Record no. 41942)

000 -LEADER
fixed length control field 00613cam a2200229 i 4500
001 - CONTROL NUMBER
control field 2736712
005 - DATE AND TIME OF LATEST TRANSACTION
control field 20180206084213.0
008 - FIXED-LENGTH DATA ELEMENTS--GENERAL INFORMATION
fixed length control field 780503s1978 nyua b 001 0 eng
010 ## - LIBRARY OF CONGRESS CONTROL NUMBER
LC control number 78009797
020 ## - INTERNATIONAL STANDARD BOOK NUMBER
International Standard Book Number 0442203705
020 ## - INTERNATIONAL STANDARD BOOK NUMBER
International Standard Book Number 0442232101 (pbk.)
040 ## - CATALOGING SOURCE
Original cataloging agency DLC
Transcribing agency DLC
Modifying agency DLC
041 ## - LANGUAGE CODE
Language code of text/sound track or separate title eng
080 ## - UNIVERSAL DECIMAL CLASSIFICATION NUMBER
Universal Decimal Classification number 658.3142 HIN
082 00 - DEWEY DECIMAL CLASSIFICATION NUMBER
Classification number 658.3142 HIN
100 1# - Rafti
Rafti 54
101 ## - Shkurtesa
Shkurtesa MEN
245 10 - TITLE STATEMENT
Title Practical management for productivity /
Statement of responsibility, etc John R. Hinrichs.
504 ## - BIBLIOGRAPHY, ETC. NOTE
Bibliography, etc Includes bibliographical references and index.
906 ## - LOCAL DATA ELEMENT F, LDF (RLIN)
a 7
b cbc
c orignew
d 1
e ocip
f 19
g y-gencatlg
942 ## - ADDED ENTRY ELEMENTS (KOHA)
Source of classification or shelving scheme
Item type Books
Holdings
Withdrawn status Lost status Source of classification or shelving scheme Damaged status Not for loan Collection code Permanent location Current location Shelving location Date acquired Total Checkouts Full call number Barcode Date last seen Price effective from Koha item type
          Koleksioni i përgjithshem UBT - Lipjan UBT - Lipjan Koleksioni i përgjithshem 02/06/2018   658.3142 HIN 002-2999333 02/06/2018 02/06/2018 Books
UBT Library © 2015-2024. All rights reserved University Education for Business and Technology